000 00541nam a2200169 i 4500
001 69045
003 ES-MaACL
005 20230906170424.0
007 t|
008 040906m19131919fr ||||1| fre d
100 1 _aLantoine, Henri.
_970105
245 1 0 _aOeuvres de Henri Lantoine /
_c[Henri Lantoine].
260 _aParis :
_bHachette,
_c1913-1919 (
_fCoulommiers, Paul Brodard)
300 _a2 v. ;
_c19 cm.
505 8 _aContiene: I. Etudes sur l'antiquité -- II. Etudes sur l'histoire de l'enseignement
852 _aES-MaACL
_jF-10584-5
999 _c69045
_d69045